000
00301nam a22001457a 4500
008
210305b ||||| |||| 00| 0 eng d
020
_a
0679431349
041
_a
eng
080
_a
32
082
_a
32
100
_a
19
101
_a
SHP
245
_a
Democracy in America
_c
Ryan,A
942
_2
udc
_c
BK
999
_c
55833
_d
55833